Mean Girls - Personnages du reboot par photos - Statistiques

Statistiques générales
  • Ce quiz a été pris 14 fois
  • Le résultat moyen est 6 sur 13
Statistiques - réponses
Par images Réponse % Correct
Regina George
100%
Cady Heron
91%
Gretchen Weires
73%
Damian Hubbard
64%
Karen Shetty
64%
Aaron Samuels
55%
Janis 'Imi'ike
55%
Kevin Gnapoor
18%
Mlle Sharon Norbury
18%
Principal Ron Duvall
18%
Coach Carr
9%
Mme. June George
9%
Mme. Betsy Heron
0%
Aucun quiz correspondant
Distribution des résultats
% des personnes avec chaque résultat
Percentile par nombre de réponses
Votre historique - résultats
Vous n’avez pas pris ce quiz